| 000 | 00596nam a22001937a 4500 | ||
|---|---|---|---|
| 003 | 0 | ||
| 005 | 20160609165301.0 | ||
| 008 | 100118t xxu||||| |||| 00| 0 eng d | ||
| 037 |
_aM15467 _bBIBLIO |
||
| 040 |
_aUAC _bF _cEPAC |
||
| 082 | _a27.ABM/AFI | ||
| 100 |
_aHaératou E. M. AFIDJI & Honorat HAYA _92874 |
||
| 245 | _aImportance d'un poste de transfusion sanguine à l'Hopital de Zone d'Abomey-Calavi | ||
| 260 |
_aEPAC _bBIBLIO _c2007-2008 |
||
| 300 |
_aI-40p _c29cm |
||
| 500 | _aMem Ecole Polytechnique d'Abomey Calavi 2008 | ||
| 650 |
_aIMPORTANCE BANQUE SANG _92875 |
||
| 942 | _cTHE | ||
| 999 |
_c46743 _d46743 |
||